00451 2200181 4500245005500000250000900055100001800064650002200082650001200104650001000116650001400126005001900140260005500159041001400214084001000228300002200238336000900260 aBerpetualang ke Lembata Yuuk!cRetno HandinihText a2019 aRetno Handini aKisah Petualangan aLembata aEbook aArkeologi a20240828150111 aJakartabPusat Penelitian Arkeologi Nasionalc2019 aIndonesia a930.1 a48 hlm. :c21 cm. atext